000
00287nam a22001217a 4500
040
_c
RUA
082
_a
005 MCG 1997 C220 Or.
100
_a
O'Leary, Timothy J.
245
_a
Microsoft Works 4.0 for Windows 95
260
_a
Phnom penh
_b
rua
_c
2002
300
_a
580p.
_b
ill.
942
_c
REC
999
_c
21571
_d
21571